| 000 | 00540nam a2200181Ia 4500 | ||
|---|---|---|---|
| 003 | IN-BaIIA | ||
| 008 | 211028s9999 xx 000 0 eng d | ||
| 040 | _cIIA Library | ||
| 080 |
_a51 _bCOU |
||
| 100 | _aCourant, R. | ||
| 245 | 0 |
_aMethods of mathematical physics: vol.1 _cR. Courant and Hilbert, D |
|
| 260 |
_aNew York _bInterscience Publishers _c1953 |
||
| 300 | _axv, 561p. | ||
| 650 |
_aMathematics _982 |
||
| 650 |
_aPhysics _973 |
||
| 700 |
_aD, Hilbert, _922253 |
||
| 942 | _cBK | ||
| 999 |
_c12707 _d12707 |
||